|
|
|
|
| LEADER |
00000cam a2200000 4500 |
| 001 |
vtls011986158 |
| 003 |
SK-MaSNL |
| 005 |
20260425233959.0 |
| 008 |
210624s2020 xo o gr 010 1 ger |
| 015 |
|
|
|a SNBA2020/10
|
| 020 |
|
|
|a 9788081750601
|q (zväzok I. ;
|q brožované)
|
| 020 |
|
|
|a 9788081750595
|q (súbor ;
|q brožované)
|
| 035 |
|
|
|a urn:nbn:sk:snk-am00eee7
|
| 035 |
|
|
|a urn:nbn:sk:snk-am3ihnx
|
| 035 |
|
|
|a 7579F98F-1210-457C-AD28-A931C402E495
|
| 040 |
|
|
|a SNK
|b slo
|c SNK
|e rda
|
| 041 |
0 |
|
|a ger
|
| 043 |
|
|
|a e-xo---
|
| 044 |
|
|
|a xo
|c SK
|
| 072 |
|
7 |
|a 94(437.6)
|x Dejiny Slovenska
|2 konspekt
|
| 072 |
|
7 |
|a 913
|x Regionálna geografia
|2 konspekt
|
| 080 |
|
|
|a 93/94-027.541
|2 2011
|
| 080 |
|
|
|a 913
|2 2011
|
| 080 |
|
|
|a (437.6)
|2 2011
|
| 080 |
|
|
|a (048.8)
|2 2011
|
| 080 |
|
|
|a (0:82-32)
|2 2011
|
| 100 |
1 |
|
|a Klein, Ferdinand
|4 aut
|9 16825
|
| 245 |
1 |
0 |
|a Zipser Trilogie I
|b Potoken und Mantaken dazähln
|c Ferdinand Klein, Anna Klein-Krušinová, Aranka Stigloher-Liptak
|
| 246 |
1 |
|
|i Trilógia
|a Zipser Trilogie I
|
| 250 |
|
|
|a 1. Auflage
|
| 264 |
|
1 |
|a Kežmarok
|b ViViT
|c 2020
|
| 300 |
|
|
|a 159 strán, 24 strán obrazovej prílohy
|c 21 cm
|
| 336 |
|
|
|a text
|b txt
|2 rdacontent
|
| 337 |
|
|
|a bez média
|b n
|2 rdamedia
|
| 338 |
|
|
|a zväzok
|b nc
|2 rdacarrier
|
| 650 |
0 |
7 |
|a regionálne dejiny
|2 SNKPH
|9 63645
|
| 650 |
0 |
7 |
|a Regional history
|2 SNKPHeng
|9 266493
|
| 650 |
0 |
7 |
|a regionálna geografia
|2 SNKPH
|9 822
|
| 650 |
0 |
7 |
|a Regional geography
|2 SNKPHeng
|9 267552
|
| 651 |
|
7 |
|a Slovensko
|2 SNKPHgeo
|9 14231
|
| 651 |
|
7 |
|a Slovakia
|2 SNKPHeng
|9 92630
|
| 655 |
|
7 |
|a monografie
|2 SNKPH
|9 70139
|
| 655 |
|
7 |
|a Monographs
|2 SNKPHeng
|9 120675
|
| 655 |
|
7 |
|a príbehy
|2 SNKPH
|9 70507
|
| 655 |
|
7 |
|a Stories
|2 SNKPHeng
|9 265785
|
| 700 |
1 |
|
|a Klein-Krušinová, Anna
|9 505942
|
| 700 |
1 |
|
|a Stigloher-Liptak, Aranka
|9 505943
|
| 919 |
|
|
|a 978-80-8175-060-1
|
| 919 |
|
|
|a 978-80-8175-059-5
|
| 958 |
|
|
|a LX
|
| 999 |
|
|
|c 781122
|d 783052
|
| 952 |
|
|
|a SNK
|b SNK
|y PREZ
|7 0
|p 17A1429516
|o snkSC 189692/1
|i snk2020/13969
|8 0
|0 0
|1 0
|4 0
|d 2020-08-10
|f 1
|l 0
|r 2025-10-07 00:00:00
|w 2026-02-24
|
| 952 |
|
|
|a SNK
|b SNK
|y VYP
|7 0
|p 17A1429517
|o snkSC 189692/1 D1
|i snk2020/13970
|8 0
|0 0
|1 0
|4 0
|d 2020-08-10
|l 0
|r 2026-02-24 01:04:30
|w 2026-02-24
|